LEADER 02006nam 2200589Ia 450 001 9910452220403321 005 20200520144314.0 010 $a0-8166-5215-5 035 $a(CKB)1000000000472753 035 $a(EBL)310898 035 $a(OCoLC)476096971 035 $a(SSID)ssj0000185849 035 $a(PQKBManifestationID)11182062 035 $a(PQKBTitleCode)TC0000185849 035 $a(PQKBWorkID)10210018 035 $a(PQKB)11655413 035 $a(MiAaPQ)EBC310898 035 $a(OCoLC)182530488 035 $a(MdBmJHUP)muse39334 035 $a(Au-PeEL)EBL310898 035 $a(CaPaEBR)ebr10167162 035 $a(CaONFJC)MIL523159 035 $a(OCoLC)935264032 035 $a(EXLCZ)991000000000472753 100 $a19851025d1969 uy 0 101 0 $aeng 135 $aur|n|---||||| 181 $ctxt 182 $cc 183 $acr 200 10$aJohn Berryman$b[electronic resource] 210 $aMinneapolis $cUniversity of Minnesota Press$d1969 215 $a1 online resource (48 p.) 225 1 $aUniversity of Minnesota pamphlets on American writers, 85 300 $aDescription based upon print version of record. 311 $a0-8166-0547-5 320 $aBibliography: p. 46-47. 327 $aJohn Berryman; Selected Bibliography 330 $aJohn Berryman - American Writers 85 was first published in 1969. Minnesota Archive Editions uses digital technology to make long-unavailable books once again accessible, and are published unaltered from the original University of Minnesota Press editions. 410 0$aUniversity of Minnesota pamphlets on American writers ;$vno. 85. 606 $aAuthors, American$y20th century$vBiography 608 $aElectronic books. 615 0$aAuthors, American 676 $a811/.5/2 700 $aMartz$b William J$01056725 801 0$bMiAaPQ 801 1$bMiAaPQ 801 2$bMiAaPQ 906 $aBOOK 912 $a9910452220403321 996 $aJohn Berryman$92491297 997 $aUNINA LEADER 02486nim 2200397Ka 450 001 9910151955803321 005 20250814103520.9 010 $a1-5094-2181-5 035 $a(CKB)3710000000953617 035 $a(ODN)ODN0003210834 035 $a(EXLCZ)993710000000953617 100 $a20190331d2016 uy 0 101 0 $aeng 135 $auruna---||||| 181 $cspw$2rdacontent 182 $cs$2rdamedia 182 $cc$2rdamedia 183 $acr$2rdacarrier 200 10$aLegends of the west $eForgotten sidekicks of the wild west. /$fCharles River Editors 205 $aUnabridged. 210 $aSolon $cCharles River Editors$d2016 215 $a1 online resource (2 audio files) $cdigital 300 $aUnabridged. 330 $aThe Wild West has made legends out of many men, and some of them, like Wild Bill Hickok and Jesse James, were celebrities during their lives. Indeed, the history of the West is often taught as though it was a history of larger-than-life figures like Annie Oakley, Calamity Jane, Billy the Kid, Wyatt Earp, Doc Holliday, and several other men and women, some good, some bad, and many in between. Their actions have helped forge America's common heritage. While these figures are still popular today, they didn't live, fight, and die in isolation; they all had networks of friends and part-time associates, people who helped them escape from jail or capture wanted felons. Of course, these people also stood in their shadow. Western lore has given them the dismissive name of "sidekicks", but a closer look reveals that these lesser-known figures lived colorful lives of their own. This book profiles 4 of the most important but forgotten sidekicks of the West, from Sherman McMaster, who participated in Wyatt Earp's Vendetta Ride in the wake of the Gunfight at the O.K. Corral, to Doc Scurlock, who was an outlaw alongside Billy the Kid. Legends of the West: Forgotten Sidekicks of the Wild West traces the history of some of the important figures in the West and the roles they played in some of history's seminal moments. 517 $aLegends of the West 606 $aNonfiction$2OverDrive 606 $aHistory$2OverDrive 615 17$aNonfiction. 615 7$aHistory. 686 $aHIS036040$aHIS036050$aHIS036140$2bisacsh 700 $aEditors$b Charles River$01843297 701 $aFluxman$b Colin$01843300 906 $aAUDIO 912 $a9910151955803321 996 $aLegends of the west$94424529 997 $aUNINA